[Event "Catarinense-ch U20 Girls"]
[Site "Rio Negrinho"]
[Date "2023.03.26"]
[Round "6"]
[White "Jurado, Laura Alves"]
[Black "Rodrigues, Eloisa Ferreira"]
[Result "1-0"]
[WhiteElo "1253"]
[BlackElo "1727"]
[PlyCount "57"]
[EventDate "2023.03.24"]
[EventType "swiss"]
[EventRounds "6"]
[EventCountry "BRA"]
[SourceTitle "CBM 213 Extra"]
[Source "ChessBase"]
[SourceDate "2023.05.31"]
[SourceVersion "1"]
[SourceVersionDate "2023.05.31"]
[SourceQuality "1"]

1. d4 d5 2. Bf4 c5 3. e3 e6 4. Nf3 Bd6 5. Bg3 Nc6 6. c3 Nf6 7. Bd3 b6 8. Ne5 Qc7 9. f4 c4 10. Bc2 Nd7 11. Nd2 f6 12. Qh5+ Kd8 13. Nf7+ Ke7 14. Nxh8 Nd8 15. Qxh7 f5 16. Qxg7+ Ke8 17. Bd1 Nf6 18. Qxf6 Qe7 19. Ba4+ Bd7 20. Qg6+ Kf8 21. Qh6+ Kg8 22. Bh4 Qg7 23. Qxg7+ Kxg7 24. Bxd7 Kxh8 25. Bxd8 Rxd8 26. Bxe6 Re8 27. Bxf5 Bxf4 28. 0-0-0 Rxe3 29. Rde1 1-0